000 00351pab a2200145 454500
008 180718b2014 xxu||||| |||| 00| 0 eng d
100 _aKrawinkel, Michael B.
245 _aGlobal healthy diet approach to nutrition
260 _c2014
300 _ap.234-239.
650 _aDiet
650 _aNutrition
773 _aDevelopment
909 _a107263
999 _c107258
_d107258